| 000 | 01098nam a22003257a 4500 | ||
|---|---|---|---|
| 001 | 239 | ||
| 003 | FISKH | ||
| 005 | 20241105095906.0 | ||
| 008 | 230309b cb ||||| |||| 00| 0 eng d | ||
| 020 | _a9780545550895 | ||
| 040 |
_aDLC _cDLC _dDLC _dFISKH _beng |
||
| 042 |
_alcac _apcc |
||
| 050 | 0 | 0 |
_aPZ7.S27912 _bJin 2012 |
| 082 | 0 | 0 | _223 |
| 100 | 1 | _aScaletta, Kurtis. | |
| 245 | 1 | 0 |
_aJinxed! / _cby Kurtis Scaletta ; illustrated by Eric Wight. |
| 260 |
_aNew York _bScholastic _c2013 |
||
| 300 |
_a105 p. : _bill. ; _c20 cm. |
||
| 490 | 0 |
_aA Topps league story ; _vbk. 1 |
|
| 505 | _aK | ||
| 520 | _aChad is thrilled to be a batboy for the Pine City Porcupines, even though the team is not doing well, his fellow batboy is less than thrilled about the job, and his favorite player seems to be jinxed. | ||
| 521 | 8 |
_a550
_bLexile |
|
| 521 | 8 |
_aK
_bRaz-Plus |
|
| 650 | 1 |
_aBaseball _vFiction. |
|
| 650 | 1 |
_aBat boys _vFiction. |
|
| 650 | 1 |
_aBaseball cards _vFiction. |
|
| 700 | 1 |
_aWight, Eric, _d1974- _eill. |
|
| 906 |
_a7 _bcbc _corignew _d1 _eecip _f20 _gy-gencatlg |
||
| 942 |
_2ddc _cBK _n0 |
||
| 999 |
_c239 _d239 |
||